Vehicles Of World War II - Statistics

General Stats
  • This quiz has been taken 44 times
  • The average score is 35 of 85
Answer Stats
Picture Answer % Correct
Supermarine Spitfire
97%
P-51 Mustang
94%
M4 Sherman
84%
B-17 Flying Fortress
81%
B-29 Superfortress
77%
Messerschmitt Bf-109
77%
Panther
77%
Tiger II (King Tiger)
77%
T-34
74%
Messerschmitt Me-262
68%
Panzer.IV
68%
Tiger 1
68%
Avro Lancaster
65%
Hawker Hurricane
65%
Panzer.III
65%
Sturmgeschütz III
65%
B-25 Mitchell
61%
Churchill
61%
F4U Corsiar
61%
De Havilland Mosquito
58%
KV-1
58%
KV-2
58%
M22 Locust
58%
M3A1 Stuart
58%
P-47 Thunderbolt
58%
L3/33 CC
55%
M3 Lee
55%
P-38 Lightning
55%
Focke-Wulf Fw-190
52%
IS-2
52%
M26 Pershing
52%
Junkers Ju-87
48%
P-40 Warhawk
48%
Interleukin IL-2
45%
M18 Hellcat
45%
BT-7
42%
Cromwell
42%
Crusader
42%
Gloster Meteor
42%
Matilda
42%
Sd.Kfz.234/2 (Puma)
42%
T-28
42%
Yakovlev Yak-3
42%
M24 Chaffee
39%
Messerschmitt Bf-110
39%
Valentine
39%
Comet
35%
Heinkel He-111
35%
P40
35%
Polikarpov I-16
35%
SU-152
35%
Yakolev Yak-9
35%
Yakovlev Yak-1
35%
Chi-Ha
32%
Archer
29%
Hawker Tempest
29%
Mig-3
29%
Panzer.38
26%
Skink
26%
SU-122
26%
B1 Bis
23%
M6A1 Heavy Tank
23%
Mitsubishi A6M Zero
23%
A13/Cruiser
19%
Fairey Firefly
19%
Kawasaki Ki-44
19%
De Havilland Hornet
16%
Fiat G.55 Centauro
16%
Heinkel He-162
16%
Kawasaki Ki-61
16%
Messerschmitt Me-410
16%
Nakajima Ki-43 Hayabusa
16%
Chi-To
13%
Lavochkin La-5
13%
Macchi C.205 Veltro
13%
S35
13%
Chi-Nu
10%
Fiat CR.32
10%
Ho-Ni
10%
Tupolev Tu-2
10%
Reggiane Re.2001
6%
Arsenal VG-33
3%
Dewoitine D.520
3%
Lioré et Olivier LeO 45
3%
M.S.406
3%
No matching quizzes found
Score Distribution
Percent of People with Each Score
Percentile by Number Answered
Your Score History
You have not taken this quiz